000 00248nam a2200109Ia 4500
008 190914s9999||||xx |||||||||||||| ||und||
100 _aEhrenhaft,George
245 0 _aSAT 11 Writing
260 _aIndia
_bOxford
_c1995
300 _a250
942 _cBK
999 _c10011
_d10011